000 00835nam a22002897a 4500
001 BR7907597
003 BR-BrBNA
005 20230928090301.0
007 ta
008 230509b bl.||||| |||| 00| 0 por d
040 _aBR-BrBNA
_bpor
_cBiblioteca Nacional de Agricultura
041 _a(Por)
072 _aF00; L00; E70
_b/G514
090 _ F00 BR7907597
110 1 _aSecretaria de Estado da Agricultura, Guarapuava, PR (Brasil). Nucleo Regional de Guarapuava
_98836
245 1 _aPanoramico regional para 1979. Nucleo Regional de Guarapuava [Parana, Brasil]
260 3 _aGuarapuava, PR (Brasil):
_c1979.
300 _a26 p.
650 _aDEFENSIVO
650 _aMERCADO
650 _aMUDA
650 _aSEMENTE
650 _aGUARAPUAVA
650 _aPARANA
909 _a202309
_bLucia
_c55
_dLucia Elande
942 _cBK
999 _c28304
_d28304